000 00426nam a2200169Ia 4500
999 _c31726
_d31726
003 OSt
005 20250617144209.0
008 250310s9999||||xx |||||||||||||| ||und||
020 _a81 7371 146 1
040 _c.
082 _a954.054
_bK141
100 _95988
_aKalam, A P J Abdul
245 0 _aWings of fire /
_cA P J Abdul Kalam
260 _aHyderabad :
_bUniversities press,
_c1999.
300 _a180 p.
942 _cBK
_2ddc